<?xml version="1.0" encoding="UTF-8"?><?xml-stylesheet type="text/xsl" href="static/style.xsl"?><OAI-PMH xmlns="http://www.openarchives.org/OAI/2.0/" xmlns:xsi="http://www.w3.org/2001/XMLSchema-instance" xsi:schemaLocation="http://www.openarchives.org/OAI/2.0/ http://www.openarchives.org/OAI/2.0/OAI-PMH.xsd"><responseDate>2026-04-13T16:53:50Z</responseDate><request verb="GetRecord" identifier="oai:www.recercat.cat:2117/115010" metadataPrefix="marc">https://recercat.cat/oai/request</request><GetRecord><record><header><identifier>oai:recercat.cat:2117/115010</identifier><datestamp>2025-07-23T06:21:39Z</datestamp><setSpec>com_2072_1033</setSpec><setSpec>col_2072_452951</setSpec></header><metadata><record xmlns="http://www.loc.gov/MARC21/slim" xmlns:dcterms="http://purl.org/dc/terms/" xmlns:xsi="http://www.w3.org/2001/XMLSchema-instance" xmlns:doc="http://www.lyncode.com/xoai" xsi:schemaLocation="http://www.loc.gov/MARC21/slim http://www.loc.gov/standards/marcxml/schema/MARC21slim.xsd">
   <leader>00925njm 22002777a 4500</leader>
   <datafield ind2=" " ind1=" " tag="042">
      <subfield code="a">dc</subfield>
   </datafield>
   <datafield ind2=" " ind1=" " tag="720">
      <subfield code="a">Araujo Roso, Giovanni</subfield>
      <subfield code="e">author</subfield>
   </datafield>
   <datafield ind2=" " ind1=" " tag="260">
      <subfield code="c">2017-09-21</subfield>
   </datafield>
   <datafield ind2=" " ind1=" " tag="520">
      <subfield code="a">La energía undimotriz, o energía del oleaje, es aquella que aprovecha la energía cinética de la&#xd;
perturbación de la superficie del mar y está considerada como una fuente de gran potencial. Las&#xd;
ventajas de este tipo de recurso respecto a otras energías renovables son variadas: sus eventos&#xd;
son predecibles con detalle, el despliegue de dispositivos tiene un impacto visual inferior a otros&#xd;
y es un recurso inagotable, entre otros.&#xd;
Por otra parte, el campo de la energía del oleaje se encuentra, todavía, en temprana fase&#xd;
experimental. Pocas patentes han sido capaces de llegar a fase comercial, pero aun pudiéndose&#xd;
comercializar siguen optimizándose debido a que su coste es elevado. Por esa razón, la&#xd;
investigación sobre el tema es una de las herramientas más indicadas para identificar qué&#xd;
dispositivo es el mejor con el objetivo de optimizar costes y rendimiento.&#xd;
La isla de Madagascar, uno de los países insulares más grandes del mundo, situada frente a las&#xd;
costas de Mozambique en el océano Índico parece un lugar idóneo y atractivo para evaluar el&#xd;
potencial energético. Además, no hay estudios previos en el océano Índico de este carácter.&#xd;
Los datos analizados en el siguiente estudio han sido obtenidos por medio de ERA Interim, un&#xd;
modelo numérico y reanálisis utilizado en recientes estudios académicos, con el fin de&#xd;
cuantificar el potencial energético del litoral malgache. A través de estos datos se han&#xd;
determinado los puntos en los que sería más factible la instalación de dispositivos convertidores&#xd;
de la energía del oleaje (WEC). Para el análisis del aporte energético se ha trabajado con dos&#xd;
dispositivos: el Pelamis y el Wave Dragon.&#xd;
En los resultados se determina qué ubicaciones son las más adecuadas para instalar un&#xd;
dispositivo WEC, en particular qué punto de los usados en el estudio resulta ser el más factible,&#xd;
a través de la producción energética de la instalación de ambos aparatos y valorada mediante&#xd;
los factores de capacidad y el tiempo de inactividad de los mismos.</subfield>
   </datafield>
   <datafield ind2=" " ind1=" " tag="520">
      <subfield code="a">The wave energy is the one which takes advantage of the kinematic energy from the sea surface&#xd;
disturbance and it is considered as a great potential resource. The advantages of this kind of&#xd;
resource regarding to other renewable energies are varied: their events are accurately&#xd;
predictable, the device deployment has a lower visual and environmental impact than others&#xd;
and it is an inexhaustible resource, inter alia.&#xd;
On the other hand, the field of the wave energy is still in an early experimental phase. Few&#xd;
patents have been able to reach commercial stage but even if they can be commercialized they&#xd;
continue to be optimized due to their high cost. For that reason, the research about the topic is&#xd;
one of the most indicated tools to identify which device is the best, with the aim of optimizing&#xd;
costs and performance.&#xd;
The island of Madagascar, one of the biggest island countries in the world, located in front of&#xd;
the Mozambique’s costs in the Indian ocean seems a suitable and attractive place to evaluate&#xd;
the energy potential. In addition, there are not previous studies in the Indian ocean of this&#xd;
character.&#xd;
The data analysed in the following study have been obtained by means of ERA Interim, a&#xd;
numerical model and reanalysis used in recent academic studies, in order to quantify the energy&#xd;
potential of the Malagasy coast. Through these data have been determined the points where&#xd;
would be more feasible the installation of Wave Energy Converters (WEC). For the analysis of&#xd;
the energy contribution it has worked with two devices: the Pelamis and the Wave Dragon.&#xd;
In the results, it is determined which locations are most suitable to install a WEC device, in&#xd;
particular which of the points used in the study proves to be the most feasible, through the&#xd;
energy production of the installation of the both devices and valued by the capacity factors and&#xd;
the idle time.</subfield>
   </datafield>
   <datafield tag="653" ind2=" " ind1=" ">
      <subfield code="a">Àrees temàtiques de la UPC::Enginyeria civil::Enginyeria hidràulica, marítima i sanitària</subfield>
   </datafield>
   <datafield tag="653" ind2=" " ind1=" ">
      <subfield code="a">Àrees temàtiques de la UPC::Desenvolupament humà i sostenible::Cooperació per al desenvolupament::Projectes de cooperació</subfield>
   </datafield>
   <datafield tag="653" ind2=" " ind1=" ">
      <subfield code="a">Ocean wave power</subfield>
   </datafield>
   <datafield tag="653" ind2=" " ind1=" ">
      <subfield code="a">Energía del oleaje</subfield>
   </datafield>
   <datafield tag="653" ind2=" " ind1=" ">
      <subfield code="a">WEC</subfield>
   </datafield>
   <datafield tag="653" ind2=" " ind1=" ">
      <subfield code="a">Madagascar</subfield>
   </datafield>
   <datafield tag="653" ind2=" " ind1=" ">
      <subfield code="a">Pelamis</subfield>
   </datafield>
   <datafield tag="653" ind2=" " ind1=" ">
      <subfield code="a">Wave Dragon</subfield>
   </datafield>
   <datafield tag="653" ind2=" " ind1=" ">
      <subfield code="a">Energia de les onades</subfield>
   </datafield>
   <datafield ind2="0" ind1="0" tag="245">
      <subfield code="a">Evaluación del potencial energético del oleaje en Madagascar</subfield>
   </datafield>
</record></metadata></record></GetRecord></OAI-PMH>